• 首页
  • 本馆介绍
  • 公告通知
  • 最新文献
  • 馆藏检索
  • 电子资源
  • 读者荐购
  • 参考咨询
  • CALIS
  • 我的图书馆
  • 登录
  • 详细信息显示
  • 放入我的书架
  • 预约/预借图书
  • 作者相关作品
  • 分类相关作品
  • 丛书相关作品
  • 出版社相关作品

书目信息

  • 表格格式
  • 工作单格式
  • 卡片格式
题名:
现代管理学
    
 
作者: 蒋国平 , 王玉姣 编著
分册:  
出版信息: 北京   工商出版社  2001.09
页数: 516页
开本: 21cm
丛书名:
单 册:
中图分类: C93
科图分类:
主题词: 管理学
电子资源:
ISBN: 7-80012-633-1
 
 
 
 
 
000 00751nam0 2200241 4500
001 192004003488
005 20070905140303.76
010    @a7-80012-633-1@dCNY32.00
100    @a20070602d2001 ekmy0chiy0121 ea
101 0  @achi
102    @aCN@b110000
105    @ay a 000yy
200 1  @a现代管理学@Axian dai guan li xue@f蒋国平, 王玉姣编著
210    @a北京@c工商出版社@d2001.09
215    @a516页@d21cm
320    @a有书目
330    @a本书共分五篇:第一篇 管理思想演变;第二篇管理与外部环境;第三篇 企业与非盈利性组织;第四篇 管理的基本活动;第五篇 管理的创新与发展。
606 0  @a管理学
690    @aC93@v4
701  0 @a蒋国平@Ajiang guo ping@4编著
701  0 @a王玉姣@Awang yu jiao@4编著
801  0 @aCN@c20070905
905    @dC93@eJ564
    
    现代管理学/蒋国平, 王玉姣编著.-北京:工商出版社,2001.09
    516页;21cm
    
    
    ISBN 7-80012-633-1:CNY32.00
    本书共分五篇:第一篇 管理思想演变;第二篇管理与外部环境;第三篇 企业与非盈利性组织;第四篇 管理的基本活动;第五篇 管理的创新与发展。
●
相关链接 在E读中查询图书 在当当中查询图书 在豆瓣中查询图书


正题名:现代管理学     索取号:C93/J564         预约/预借

序号 登录号 条形码 馆藏地/架位号 状态 备注
1 618420   206184207   社科库509/309社科库 72排3列3层/ [索取号:C93/J564] 在馆    
2 618421   206184216   社科库509/509社科库 63排4列3层/ [索取号:C93/J564] 在馆    
3 618422   206184225   社科库509/509社科库 63排4列3层/ [索取号:C93/J564] 在馆    
河南城建学院图书馆 欢迎您!
大连网信软件有限公司© 版权所有